Statystyki dla Europejska geografia na literę M

Kliknij tutaj aby rozwiązać quiz!

Ogólne statystyki

  • Ten quiz został rozwiązany 172 razy
    (170 od ostatniego zresetowania)
  • Średni wynik to 12 z 18

Statystyki odpowiedzi

WskazówkaOdpowiedź% Poprawnych
Rzeka przepływająca przez FrankfurtMen
99%
Stolica HiszpaniiMadryt
97%
Stolica BiałorusiMińsk
95%
Gdzie mieszkają MoskwianieMoskwa
92%
Trzecie najludniejsze miasto AngliiManchester
90%
Państwo wyspiarskie nad powyższym morzemMalta
86%
Stolica BawariiMonachium
85%
Najbiedniejsze państwo w EuropieMołdawia
83%
Najgęściej zaludniony kraj na świecieMonako
83%
Duże francuskie miasto nad Morzem ŚródziemnymMarsylia
80%
Przemysłowa stolica WłochMediolan
76%
Region w północnej Grecji, w którym
urodził się Aleksander Wielki
Macedonia
73%
Szwedzkie miasto przy moście nad SundemMalmö
58%
Największa wyspa archipelagu BalearówMajorka
37%
Morze oddzielające europejską od
azjatyckiej części Turcji
Morze {Marmara}
31%
Rzeka, nad którą Francja odepchnęła
Niemcy w I wojnie światowej
Marna
23%
Słynny szwajcarsko-włoski szczyt górskiMatterhorn
14%
Rzeka przepływająca obok LiverpooluMersey
6%

Rozkład punktacji

Percentyl według liczby udzielonych odpowiedzi

Procent ludzi z każdym wynikiem

Twoja historia wyników

Nie rozwiązałeś tego quizu od ostatniego zresetowania